00501nam a2200193 a 4500001001300000003000900013005001700022008004100039020001000080082001800090100002400108245003600132260004700168300000800215500003500223505001000258650001500268700002400283nice12345678IN_TiNIC20260116012353.0050524s1979 sina grp 000 0 eng  ac10000a305.4095bMAN aMananzan, Mary John aWomen in Asia Status and Image. aSingapurbChristian Conference Indiac1979 a50p aincludes index and biblioraphy2 aIndex aWomen-Asia1 aMananzan, Mary John